| 000 | 00360nam a22001577a 4500 | ||
|---|---|---|---|
| 003 | SGT | ||
| 020 | _a978-93-5316-840-7 | ||
| 082 |
_a612 _bG19B |
||
| 100 | _aBARRETT, KIM E. | ||
| 245 | _aGANONG'S REVIEW OF MEDICAL PHYSIOLOGY | ||
| 250 | _a26TH | ||
| 260 |
_aINDIA _bMC GRAW HILL _c2019 |
||
| 300 | _a742 | ||
| 650 | _aHUMAN PHYSIOLOGY | ||
| 942 |
_2ddc _cBK |
||
| 999 |
_c19693 _d19693 |
||